• 首页
  • 本馆介绍
  • 公告通知
  • 最新文献
  • 馆藏检索
  • 电子资源
  • 读者导购
  • 参考咨询
  • 我的图书馆
  • 登录
  • 详细信息显示
  • 放入我的书架
  • 预约/预借图书
  • 作者相关作品
  • 分类相关作品
  • 丛书相关作品
  • 出版社相关作品

书目信息

  • 表格格式
  • 工作单格式
  • 卡片格式
题名:
城镇化与中国经济新未来
    
 
作者: 王建 主编
分册:  
出版信息: 北京   中国经济出版社  2013
页数: 407页
开本: 26cm
丛书名:
单 册:
中图分类: F299.21
科图分类:
主题词: 城市化--研究--中国 , 城市化
电子资源:
ISBN: 978-7-5136-2734-4
000 01091nam0 2200253 450
001 523
005 20140909093656.75
010    @a978-7-5136-2734-4@dCNY55.00
100    @a20131122d2013 em y0chiy50 ea
101 0  @achi
102    @aCN@b110000
105    @ay z 000yy
106    @ar
200 1  @a城镇化与中国经济新未来@dUrbanization and the future of China's economy@f王建主编@zeng
210    @a北京@c中国经济出版社@d2013
215    @a407页@d26cm
330    @a本书分为走向新型城镇化、中国城镇化路径探索、城镇化的难点与破解、重视城镇化教训与风险四个主题,收录了《把城镇化作为扩大内需的战略重点——最大的内需在城镇化,最雄厚的内需潜力在城镇化》、《中国的新型城镇化之路——中国应该另辟一条节能减排的生态文明的城镇化道路》、《科学发展观指导下的新型城镇化战略——以产业融合来推动城乡一体化是我国在科学发展观指导下的新型城镇化战略》等文章。
510 1  @aUrbanization and the future of China's economy@zeng
606 0  @a城市化@x研究@y中国
606 0  @a城市化
690    @aF299.21@v5
701  0 @a王建@4主编
801  0 @aCN@bTANGWEI@c20140603
905    @b0842639-41@dF299.21@e1180@f3
    
    城镇化与中国经济新未来=Urbanization and the future of China's economy/王建主编.-北京:中国经济出版社,2013
    407页;26cm
    
    
    ISBN 978-7-5136-2734-4:CNY55.00
    本书分为走向新型城镇化、中国城镇化路径探索、城镇化的难点与破解、重视城镇化教训与风险四个主题,收录了《把城镇化作为扩大内需的战略重点——最大的内需在城镇化,最雄厚的内需潜力在城镇化》、《中国的新型城镇化之路——中国应该另辟一条节能减排的生态文明的城镇化道路》、《科学发展观指导下的新型城镇化战略——以产业融合来推动城乡一体化是我国在科学发展观指导下的新型城镇化战略》等文章。
●
相关链接 在E读中查询图书 在五车中查询图书 在当当中查询图书 在豆瓣中查询图书


正题名:城镇化与中国经济新未来     索取号:F299.21/1180         预约/预借

序号 登录号 条形码 馆藏地/架位号 状态 备注
1 0842639   208426390   第一样本阅览室/ [索取号:F299.21/1180] 在馆    
2 0842640   208426407   经管系资料室/ [索取号:F299.21/1180] 在馆    
3 0842641   208426416   第一借阅区/ [索取号:F299.21/1180] 在馆    
唐山师范学院图书馆 欢迎您!
大连网信软件有限公司© 版权所有